Statistics for Football Players by Picture #1

Click here to take the quiz!

General Stats

  • This quiz has been taken 4,410 times
  • The average score is 18 of 20

Answer Stats

Answer% Correct
Cristiano Ronaldo
99%
Lionel Messi
99%
Kylian Mbappé
97%
Neymar
97%
Gareth Bale
96%
Zlatan Ibrahimović
95%
Luka Modrić
94%
Harry Kane
93%
Luis Suárez
93%
Mohamed Salah
93%
Sergio Ramos
92%
Keven de Bruyne
91%
Eden Hazard
89%
Robert Lewandowski
89%
Andrés Iniesta
88%
Antoine Griezmann
87%
David de Gea
87%
Toni Kroos
87%
Arjen Robben
85%
Giorgio Chiellini
83%

Score Distribution

Percentile by Number Answered

Percent of People with Each Score

Your Score History

You have not taken this quiz